[Event "Moscow Time of the First U13"]
[Site "Moscow"]
[Date "2019.06.18"]
[Round "3"]
[White "Kurochkin, Artem"]
[Black "Serazhim, Aleksandr"]
[Result "1/2-1/2"]
[WhiteElo "1264"]
[BlackElo "1113"]
[PlyCount "82"]
[EventDate "2019.06.17"]
[EventType "swiss"]
[EventRounds "9"]
[EventCountry "RUS"]
[SourceTitle "EXT 2021"]
[Source "ChessBase"]
[SourceDate "2020.10.23"]
[SourceVersion "1"]
[SourceVersionDate "2020.10.23"]
[SourceQuality "1"]

1. e4 d5 2. exd5 Qxd5 3. Nf3 Bg4 4. Be2 Nf6 5. d4 Nc6 6. c4 Qd7 7. d5 Na5 8. Nbd2 e6 9. dxe6 Bxe6 10. 0-0 0-0-0 11. a3 Nxc4 12. Bxc4 Bxc4 13. Ne5 Qd4 14. Nexc4 Ne4 15. Qe2 Nxd2 16. Bxd2 b5 17. Be3 Qxc4 18. Qxc4 bxc4 19. Rac1 a6 20. Rxc4 Be7 21. Rfc1 Rd7 22. Bf4 c5 23. Be3 Rhd8 24. g3 Rd1+ 25. Rxd1 Rxd1+ 26. Kg2 Rd5 27. b4 Kb7 28. bxc5 Kc6 29. Ra4 Bxc5 30. Bxc5 Kb5 31. Rb4+ Kxc5 32. Kf1 Kc6 33. Kg2 Kc5 34. Kf1 Kc6 35. Kg2 Kc5 36. Kf1 Kc6 37. Kg2 Kc5 38. Kf1 Kc6 39. Kg2 Kc5 40. Kf1 Kc6 41. Kg2 Kc5 1/2-1/2